| Tag |
First Indicator |
Second Indicator |
Subfields |
| LEADER |
00000cam a2200000 a 4500 |
| 001 |
in00002783394 |
| 005 |
20150922150519.0 |
| 008 |
110629s2011 enka b 001 0 eng |
| 010 |
|
|
|a 2011025512
|
| 020 |
|
|
|a 9781409435846 (hardcover : alk. paper)
|
| 020 |
|
|
|a 1409435849 (hardcover : alk. paper)
|
| 020 |
|
|
|a 9781409435853 (ebook)
|
| 020 |
|
|
|a 1409435857 (ebook)
|
| 035 |
|
|
|a (OCoLC)ocn733936178
|
| 040 |
|
|
|a DLC
|c DLC
|d UtOrBLW
|
| 049 |
|
|
|a TXAM
|
| 050 |
0 |
0 |
|a G560.N35
|b S34 2011
|
| 082 |
0 |
0 |
|a 335/.02
|2 23
|
| 100 |
1 |
|
|a Scheckter, John,
|d 1951-
|
| 245 |
1 |
4 |
|a The Isle of Pines, 1668 :
|b Henry Neville's uncertain utopia /
|c John Scheckter.
|
| 264 |
|
1 |
|a Farnham, England ;
|a Burlington, VT :
|b Ashgate,
|c [2011]
|
| 264 |
|
4 |
|c ©2011
|
| 300 |
|
|
|a xvii, 222 pages :
|b illustrations ;
|c 24 cm.
|
| 336 |
|
|
|a text
|b txt
|2 rdacontent
|
| 337 |
|
|
|a unmediated
|b n
|2 rdamedia
|
| 338 |
|
|
|a volume
|b nc
|2 rdacarrier
|
| 504 |
|
|
|a Includes bibliographical references (pages [199]-214) and index.
|
| 505 |
0 |
|
|a Which copy hereafter followeth: editions and procedures -- If hereafter any should come and find them out: translations, paratexts, and ghosts -- I shall enquire more particularly: veracity, uncertainty, and narrative structure -- A great help to one another: gender, race, and the new society -- The countrey being thus settled: the development of indigenous culture -- The strange effects of powder: Anglo-indigenes and the European encounter.
|
| 600 |
1 |
0 |
|a Neville, Henry,
|d 1620-1694.
|t Isle of Pines.
|
| 650 |
|
0 |
|a Voyages, Imaginary
|v Early works to 1800.
|
| 650 |
|
0 |
|a Utopias in literature.
|
| 700 |
1 |
2 |
|a Neville, Henry,
|d 1620-1694.
|t Isle of Pines.
|
| 945 |
|
|
|a PromptCat
|b 108299
|
| 946 |
|
|
|a stk
|
| 947 |
|
|
|a A14836012189
|
| 948 |
|
|
|a cataloged
|b h
|c 2012/11/30
|d c
|e dmitchel
|f 12:20:10 pm
|
| 994 |
|
|
|a 92
|b TXA
|
| 999 |
|
|
|a MARS
|
| 999 |
f |
f |
|s 476cc1f0-bb59-3c2b-935d-b4c7fab29564
|i e21ceb1d-def6-37da-a142-c5ad67aa469e
|t 0
|
| 952 |
f |
f |
|p normal
|a Texas A&M University
|b College Station
|c Sterling C. Evans Library
|d Evans: Library Stacks
|t 0
|e G560.N35 S34 2011
|h Library of Congress classification
|i unmediated -- volume
|m A14836012189
|
| 998 |
f |
f |
|a G560.N35 S34 2011
|t 0
|l Evans: Library Stacks
|